00542nam a22001577a 4500003001100000008004100011040003900052041000800091082001600099111008200115245003600197260005100233300004300284650004400327650001300371LK-CoMWRAF240611b |||||||| |||| 00| 0 eng d aLK-CoMWRAFdLK-CoMWRAFeLK-CoMWRAF aeng a305.42bWOM aTENTH NATIONAL CONVENTION ON WOMEN'S STUDIESc( Colombo, d2-6 th April 2006) aSESSION VI:bTheoretical issues aColombo: bCentre for Women's Research,c 2006 aVarious paging.bBibliography included aWOMEN'S STUDIES- Sri Lanka- Congresses  aFeminism